| 000 | 01186cam a22003014i 4500 | ||
|---|---|---|---|
| 001 | 19450390 | ||
| 003 | EG-ScBUE | ||
| 005 | 20250513081346.0 | ||
| 008 | 170113s2017 nju f b 001 0 eng d | ||
| 020 | _a9781118868621 (paperback) | ||
| 040 |
_aDLC _beng _erda _cDLC _dDLC _dEG-ScBUE |
||
| 082 | 0 | 4 |
_a301 _222 _bDEL |
| 100 | 1 |
_aDelaney, Carol Lowery, _d1940- _eauthor. |
|
| 245 | 1 | 0 |
_aInvestigating culture : _ban experiential introduction to anthropology / _cCarol Delaney with Deborah Kaspin. |
| 250 | _aThird edition. | ||
| 264 | 1 |
_aHoboken, New Jersey : _bWiley-Blackwell, _c2017. |
|
| 300 |
_axiv, 410 pages ; _c25 cm |
||
| 336 |
_atext _btxt _2rdacontent |
||
| 337 |
_aunmediated _bn _2rdamedia |
||
| 338 |
_avolume _bnc _2rdacarrier |
||
| 504 | _aIncludes bibliographical references and index. | ||
| 520 |
_a"Offers a refreshing alternative to introductory anthropology texts by challenging students to think in new ways and apply cultural learnings to their own lives"-- _cProvided by publisher. |
||
| 650 | 7 |
_aAnthropology. _2BUEsh |
|
| 655 | _vReading book | ||
| 700 | 1 |
_aKaspin, Deborah, _eauthor. |
|
| 906 |
_a7 _bcbc _corignew _d1 _eecip _f20 _gy-gencatlg |
||
| 942 |
_2ddc _cBB |
||
| 999 |
_c30975 _d30946 |
||